| 000 | 00392 a2200133 4500 | ||
|---|---|---|---|
| 005 | 20250505124524.0 | ||
| 020 | _a978-0-07-295769-3 | ||
| 082 | _aLECT 005.43 DHA | ||
| 100 | _aDHAMDHERE, D. M. | ||
| 245 | _aOperating Systems: A Concept- Based Approach | ||
| 260 |
_aNew York, _bMcGraw-Hill, _c2009. |
||
| 300 |
_axx, 828p,: ill.; figure, table. _bBibliography & index. _c24cm. |
||
| 942 |
_2ddc _cBKS |
||
| 999 |
_c1930 _d1930 |
||